书目信息 |
| 题名: |
化学反应工程
|
|
| 作者: | 朱炳辰 主编 | |
| 分册: | ||
| 出版信息: | 北京 化学工业出版社 2012 |
|
| 页数: | 301页 | |
| 开本: | 26cm | |
| 丛书名: | ||
| 单 册: | ||
| 中图分类: | TQ03 | |
| 科图分类: | ||
| 主题词: | 化学反应工程--高等教育--教材 , 化学反应工程 | |
| 电子资源: | ||
| ISBN: | 978-7-122-12455-5 | |
| 000 | 01043nam0 2200289 45 | |
| 001 | 1360574874 | |
| 005 | 20130530160813.60 | |
| 010 | @a978-7-122-12455-5@dCNY38.00 | |
| 100 | @a20130513d2012 em y0chiy50 ea | |
| 101 | 0 | @achi |
| 102 | @aCN@b110000 | |
| 105 | @ay z 000yy | |
| 106 | @ar | |
| 200 | 1 | @a化学反应工程@AHua Xue Fan Ying Gong Cheng@f朱炳辰主编@FZhu Bing Chen Zhu Bian |
| 205 | @a5版 | |
| 210 | @a北京@c化学工业出版社@d2012 | |
| 215 | @a301页@d26cm | |
| 300 | @a教育部精品教材 普通高等教育“十一五”国家级规划教材 面向21世纪课程教材 | |
| 312 | @a封面英文题名:Chemical reaction engineering | |
| 330 | @a本书共分为九章,内容包括:应用化学反应动力学及反应器设计基础、气-固相催化反应本征及宏观动力学、釜式及均相管式反应器、反应器中的混合及对反应的影响等。 | |
| 510 | 1 | @aChemical reaction engineering@zeng |
| 606 | 0 | @a化学反应工程@x高等教育@j教材 |
| 606 | 0 | @a化学反应工程 |
| 690 | @aTQ03@v5 | |
| 701 | 0 | @a朱炳辰@AZhu Bing Chen@4主编 |
| 801 | @aCN@bTANGWEI@c20130523 | |
| 905 | @b0835670-73@dTQ03@e214=5@f4 | |
| 化学反应工程/朱炳辰主编.-5版.-北京:化学工业出版社,2012 |
| 301页;26cm |
| 教育部精品教材 普通高等教育“十一五”国家级规划教材 面向21世纪课程教材 |
| ISBN 978-7-122-12455-5:CNY38.00 |
| 本书共分为九章,内容包括:应用化学反应动力学及反应器设计基础、气-固相催化反应本征及宏观动力学、釜式及均相管式反应器、反应器中的混合及对反应的影响等。 |
| ● |
| 相关链接 |
|
|
|
|
正题名:化学反应工程
索取号:TQ03/214=5
 
预约/预借
| 序号 | 登录号 | 条形码 | 馆藏地/架位号 | 状态 | 备注 |
| 1 | 0835670 | 208356704 | 第二样本阅览室/ [索取号:TQ03/214=5] | 在馆 | |
| 2 | 0835671 | 208356713 | 第三借阅区/ [索取号:TQ03/214=5] | 在馆 | |
| 3 | 0835672 | 208356722 | 第三借阅区/ [索取号:TQ03/214=5] | 在馆 | |
| 4 | 0835673 | 208356731 | 第三借阅区/ [索取号:TQ03/214=5] | 在馆 |